Statistical Yearbook of Greece 1996

Saved in:
Bibliographic Details
Format: Book
Language:Greek, Modern (1453- )
English
Published: Athens National Statistical Service of Greece 1997
Edition:1. ed.
Subjects:
Tags: Add Tag
No Tags, Be the first to tag this record!

MARC

LEADER 00000nam a2200000 4500
001 c021342
005 20221214071906.2
041 0 |a gre 
041 0 |a eng 
044 |a GR 
245 1 0 |a Statistical Yearbook of Greece 1996 
250 |a 1. ed. 
264 1 |a Athens  |b National Statistical Service of Greece  |c 1997 
300 |a 532 s. 
610 2 0 |a Grécko 
610 2 0 |a klíma 
610 2 0 |a populácia 
610 2 0 |a zamestnanosť 
610 2 0 |a nezamestnanosť 
610 2 0 |a zdravotníctvo 
610 2 0 |a poistenie sociálne 
610 2 0 |a vzdelanie 
610 2 0 |a právo 
610 2 0 |a poľnohospodárstvo 
610 2 0 |a výroba živočíšna 
610 2 0 |a lesníctvo 
610 2 0 |a rybárstvo 
610 2 0 |a baníctvo 
610 2 0 |a výroba 
610 2 0 |a energetika 
610 2 0 |a obchod 
610 2 0 |a doprava 
610 2 0 |a turistika 
610 2 0 |a kúpele 
610 2 0 |a tlač 
610 2 0 |a financie 
610 2 0 |a bankovníctvo 
610 2 0 |a ceny 
610 2 0 |a dôchodok národný 
610 2 0 |a produkt domáci hrubý